000 00530cam a2200205ua 4500
001 1645
008 170106n ii |||gr||||Z||||||eng
040 _cMAIN
041 _aeng
082 _a363.7
100 _aBaruah, Bhupen,
_eAuthor.
245 _aParibesh Adhyan
_cby Bhupen Baruah
260 _aJorhat:
_bBidya Bhawan,
_c2004.
300 _a198p:
_c23cm.
653 _aEnvironmental studies
653 _aEnvironmental studies
700 _aRajkhowa, Binoybrot,
_eAuthor.
700 _aDas, (Baruah )Mollika,
942 _cBK
999 _c1532
_d1532